=LDR 00000nam 2200000 4500 =001 INLIS000000000013279 =990 ##$$a 21302326 =005 20200925074904 =990 ##$$a 20403973 =035 ##$$a 0010-061300000013279 =990 ##$$a 20903254 =008 200925################g##########0#ind## =990 ##$$a 20903255 =041 ##$$a Ind =990 ##$$a 20403976 =082 ##$$a 304 =990 ##$$a 20612569 =090 ##$$a 304.2, Irw p =990 ##$$a 20612568 =100 ##$$a Irwan, Zoer'aini Jamal =990 ##$$a 00046996 =245 1#$$a Prinsip-prinsip ekologi dan organisasi : $b Ekosistem komunitas dan lingkungan /$c Prof.Dr.Ir. Zoer'aini Djamal Irwan, M.Si. =260 ##$$a Jakarta :$b Bumi Aksara,$c 2003 =300 ##$$a 210 hlm. : $b ilus ; $c 21 x 14,5 cm. =650 #4$$a Ekologi manusia =850 ##$$a NBPNMAT =020 ##$$a 979-526-164-9 =084 ##$$a 304 IRW p =250 ##$$a cet. 3 =520 ##$$a Bibliografi hlm.197-203 =990 ##$$a 20403973 =990 ##$$a 20903254 =990 ##$$a 20903255 =990 ##$$a 20403976 =990 ##$$a 21302326 =990 ##$$a 20612569 =990 ##$$a 20612568 =990 ##$$a 00046996 =990 ##$$a 20903254 =990 ##$$a 20903255 =990 ##$$a 20903254 =990 ##$$a 20403976 =990 ##$$a 20903254 =990 ##$$a 20903255